ՀՀ Գիտությունների ազգային ակադեմիայի հիմնարար գիտական գրադարան  =   Fundamental Scientific Library of NAS RA

Избранные произведения : (Record no. 493722)

MARC details
000 -LEADER
fixed length control field 01697nam a2200241 a 4500
001 - CONTROL NUMBER
control field 000092753
003 - CONTROL NUMBER IDENTIFIER
control field AM-YeHGA
005 - DATE AND TIME OF LATEST TRANSACTION
control field 20250618075748.0
008 - FIXED-LENGTH DATA ELEMENTS--GENERAL INFORMATION
fixed length control field 971219s1958 ai |||||||||||||||||rus c
040 ## - CATALOGING SOURCE
Original cataloging agency AM-YeHGA
090 ## - LOCALLY ASSIGNED LC-TYPE CALL NUMBER (OCLC); LOCAL CALL NUMBER (RLIN)
-- 497110
100 1# - MAIN ENTRY--PERSONAL NAME
Personal name Շիրվանզադե, Ալեքսանդր Մինասի,
Dates associated with a name 1858-1935
9 (RLIN) 1334
245 10 - TITLE STATEMENT
Title Избранные произведения :
Remainder of title В 2-х т. : [Пер. с арм.] /
Statement of responsibility, etc. Александр Ширванзаде ; Пер. с арм., вступит. ст,, подгот. текста и примеч. Г.О. Манасяна ; Худож. М.А. Арутчьян.
246 15 - VARYING FORM OF TITLE
Title proper/short title Ընտիր երկեր
260 ## - PUBLICATION, DISTRIBUTION, ETC.
Place of publication, distribution, etc. Москва :
Name of publisher, distributor, etc. Известия,
Date of publication, distribution, etc. 1958.
300 ## - PHYSICAL DESCRIPTION
Extent 2 т. ;
Dimensions 22 см.
505 00 - FORMATTED CONTENTS NOTE
Miscellaneous information Т. 1 (1958, 676 с.) :
Title Намус ; Замужняя ; Хаос ; Вардан Айрумян : Романы ; Старый Баку
Miscellaneous information Т. 2 (1958, 648 с.) :
Title Пожар на нефтяном заводе ; Рассказ ; Барышня Лиза ; Благодетель ; Фатьма и Асад ; Злой дух ; Огонь ; Артист ; Алина : Повести ; Права ли она? ; Из-за чести : Драмы ; Сват Моргана : Комедия ; В горниле жизни : Мемуары
650 14 - SUBJECT ADDED ENTRY--TOPICAL TERM
Topical term or geographic name entry element Армянская литература
653 1# - INDEX TERM--UNCONTROLLED
Uncontrolled term Буржуазия в Закавказье (х.л.)
653 1# - INDEX TERM--UNCONTROLLED
Uncontrolled term Нефтяные промыслы - Баку (х.л.)
700 1# - ADDED ENTRY--PERSONAL NAME
Personal name Манасян, Г.О.
Relator term авт. вступ. ст.
Relationship aui
Relator term пер.
Relationship trl
Relator term подгот. текста
Relationship com
700 1# - ADDED ENTRY--PERSONAL NAME
Personal name Արուտչյան, Միքայել Ավետի,
Dates associated with a name 1897-1961
Relator term худож.
Relationship art
9 (RLIN) 1080
Holdings
Withdrawn status Lost status Source of classification or shelving scheme Damaged status Not for loan Collection Home library Current library Date acquired Serial enumeration / chronology Total checkouts Full call number Barcode Date last seen Price effective from Koha item type Public note
    Universal Decimal Classification     General Fundamental Scientific Library Fundamental Scientific Library 14/05/2019 Т. 1   РII/19 FL0575620 14/05/2019 14/05/2019 Գրքեր / Books 30 Days Loan
    Universal Decimal Classification     General Fundamental Scientific Library Fundamental Scientific Library 30/05/2019 Т. 2   PII/2339 FL0584147 30/05/2019 30/05/2019 Գրքեր / Books 30 Days Loan
    Universal Decimal Classification     General Fundamental Scientific Library Fundamental Scientific Library 30/05/2019 Т. 1   PII/2411 FL0584772 30/05/2019 30/05/2019 Գրքեր / Books 30 Days Loan
    Universal Decimal Classification     General Fundamental Scientific Library Fundamental Scientific Library 30/05/2019 Т. 1   PII/2412 FL0584773 30/05/2019 30/05/2019 Գրքեր / Books 30 Days Loan
    Universal Decimal Classification     General Fundamental Scientific Library Fundamental Scientific Library 30/05/2019 Т. 2   PII/2409 FL0584774 30/05/2019 30/05/2019 Գրքեր / Books 30 Days Loan
    Universal Decimal Classification     General Fundamental Scientific Library Fundamental Scientific Library 30/05/2019 Т. 2   PII/2410 FL0584775 30/05/2019 30/05/2019 Գրքեր / Books 30 Days Loan


ՀՀ ԳԱԱ հիմնարար գիտական գրադարան
ՀՀ,Երևան 0019
Մարշալ Բաղրամյան 24/6
հեռախոս:(374-10) 52-47-50
Հետադարձ կապ

All site content, except where otherwise noted, is licensed under a
Creative Commons License